|
|
|
|
| LEADER |
00000nas a2200000 i 4500 |
| 001 |
ssj0001782976 |
| 003 |
WaSeSS |
| 005 |
20200512172242.0 |
| 006 |
m d |
| 007 |
cr n |
| 008 |
160229c20169999enkqr pos 0 a0eng |
| 010 |
|
|
|a 2016201512
|
| 015 |
|
|
|a GBB8A4937
|2 bnb
|
| 016 |
7 |
|
|a 101724928
|2 DNLM
|
| 016 |
7 |
|
|a 017866102
|2 Uk
|
| 022 |
|
|
|a 2471-1411
|l 2471-1411
|
| 035 |
|
|
|a (WaSeSS)ssj0001782976
|
| 037 |
|
|
|b Taylor & Francis, 4 Park Square, Milton Park, Abingdon, Oxfordshire, OX14 4RN, UK
|
| 040 |
|
|
|a DLC
|b eng
|e pn
|c DLC
|d OCLCA
|d VT2
|d OCLCF
|d DLC
|d CFT
|d DLC
|d NLM
|d OCLCO
|d UKMGB
|d OCLCA
|d CASUM
|d DLC
|d CUS
|d WaSeSS
|
| 042 |
|
|
|a pcc
|a nsdp
|
| 050 |
0 |
0 |
|a HV8073
|
| 060 |
0 |
0 |
|a W1
|
| 082 |
1 |
0 |
|a 363.25
|2 23
|
| 210 |
0 |
|
|a Forensic sci.res.
|b (Online)
|
| 210 |
1 |
0 |
|a Forensic Sci Res
|2 dnlm
|
| 222 |
|
0 |
|a Forensic sciences research
|b (Online)
|
| 245 |
0 |
0 |
|a Forensic sciences research
|h [electronic resource].
|
| 246 |
1 |
|
|a TFSR
|
| 246 |
1 |
|
|a FSR
|
| 260 |
|
|
|a [Abingdon, Oxfordshire, United Kingdom] :
|b Taylor & Francis,
|c [2016]-
|
| 310 |
|
|
|a Four issues per year
|
| 362 |
1 |
|
|a Began with: Volume 1, Issue 1 (2016)
|
| 506 |
|
|
|a License restrictions may limit access.
|
| 515 |
|
|
|a Volume 1 complete with one issue.
|
| 525 |
|
|
|a Some volumes contain special issues.
|
| 588 |
|
|
|a Description based on: Volume 1, Issue 1 (2016); title from journal home page (publisher's website, viewed on September 6, 2017).
|
| 588 |
|
|
|a Latest issue consulted: Volume 3, Issue 3 (2018); (Taylor & Francis Online viewed December 18, 2018).
|
| 650 |
1 |
2 |
|a Forensic Sciences.
|
| 650 |
2 |
2 |
|a Jurisprudence.
|
| 650 |
|
0 |
|a Forensic sciences
|v Periodicals.
|
| 650 |
|
0 |
|a Medical jurisprudence
|v Periodicals.
|
| 650 |
|
0 |
|a Criminals
|x Identification
|v Periodicals.
|
| 650 |
|
0 |
|a Crime laboratories
|v Periodicals.
|
| 650 |
|
7 |
|a Crime laboratories.
|2 fast
|0 (OCoLC)fst00883047
|
| 650 |
|
7 |
|a Criminals
|x Identification.
|2 fast
|0 (OCoLC)fst00883530
|
| 650 |
|
7 |
|a Forensic sciences.
|2 fast
|0 (OCoLC)fst00932011
|
| 650 |
|
7 |
|a Medical jurisprudence.
|2 fast
|0 (OCoLC)fst01014258
|
| 655 |
|
0 |
|a Electronic journals.
|
| 776 |
0 |
8 |
|i Print version:
|t Forensic sciences research
|x 2096-1790
|
| 850 |
|
|
|a DLC
|
| 856 |
4 |
0 |
|z Full text available from Research Library: 01/01/2016 to present
|u https://search.proquest.com/publication/3933184
|